Islands under influence: the Cyclades in the Late Bronze Age and the nature of Mycenaean presence
| Main Author: | |
|---|---|
| Format: | Print Book |
| Language: | English |
| Subito Delivery Service: | Order now. |
| Check availability: | HBZ Gateway |
| WorldCat: | WorldCat |
| Interlibrary Loan: | Interlibrary Loan for the Fachinformationsdienste (Specialized Information Services in Germany) |
| Published: |
Göteborg
Åström
1993
|
| In: |
Studies in Mediterranean archaeology (111)
Year: 1993 |
| Series/Journal: | Studies in Mediterranean archaeology
111 |
| Standardized Subjects / Keyword chains: | B
Kykladen
/ Bronze Age
B Kykladen / Mycenaean culture B Greece (Antiquity) / Archaeology |
| RelBib Classification: | HH Archaeology |
| Further subjects: | B
Civilization, Mycenaean
B Bronze Age (Greece) (Kyklades) B Kyklades (Greece) Antiquities B Bronze Age (Greece) (Cyclades) B Thesis B Cyclades (Greece) Antiquities |
MARC
| LEADER | 00000cam a2200000 c 4500 | ||
|---|---|---|---|
| 001 | 272420468 | ||
| 003 | DE-627 | ||
| 005 | 20251222212237.0 | ||
| 007 | tu | ||
| 008 | 940222s1993 sw ||||| m 00| ||eng c | ||
| 020 | |a 9170810982 |9 91-7081-098-2 | ||
| 035 | |a (DE-627)272420468 | ||
| 035 | |a (DE-576)037517910 | ||
| 035 | |a (DE-599)GBV272420468 | ||
| 035 | |a (OCoLC)246649687 | ||
| 035 | |a (DE-604)808854527x | ||
| 040 | |a DE-627 |b ger |c DE-627 |e rakwb | ||
| 041 | |a eng | ||
| 044 | |c XA-SE | ||
| 050 | 0 | |a DF221.C93 | |
| 082 | 0 | |a 939.15 | |
| 084 | |a 6,14 |2 ssgn | ||
| 084 | |a 1 |2 ssgn | ||
| 084 | |a 15.17 |2 bkl | ||
| 100 | 1 | |a Schallin, Ann-Louise |4 aut | |
| 245 | 1 | 0 | |a Islands under influence |b the Cyclades in the Late Bronze Age and the nature of Mycenaean presence |c by Ann-Louise Schallin |
| 264 | 1 | |a Göteborg |b Åström |c 1993 | |
| 300 | |a X, 210 S. |b Ill., Kt. | ||
| 336 | |a Text |b txt |2 rdacontent | ||
| 337 | |a ohne Hilfsmittel zu benutzen |b n |2 rdamedia | ||
| 338 | |a Band |b nc |2 rdacarrier | ||
| 490 | 1 | |a Studies in Mediterranean archaeology |v 111 | |
| 500 | |a Originally presented as the author's thesis (Ph. D.--Göteborg University) | ||
| 502 | |a Zugl.: Göteborg, Univ., Diss., 1993 | ||
| 583 | 1 | |a Archivierung/Langzeitarchivierung gewährleistet |f SSG |x XA-DE-BW |2 pdager |5 DE-21 | |
| 583 | 1 | |a Archivierung/Langzeitarchivierung gewährleistet |f SSG |x XA-DE-BW |2 pdager |5 DE-16 | |
| 583 | 1 | |a Archivierung prüfen |c 20240324 |f DE-4165 |z 1 |2 pdager | |
| 601 | |a Influencer | ||
| 650 | 0 | |a Bronze Age |z Greece |z Cyclades | |
| 650 | 0 | |a Civilization, Mycenaean | |
| 650 | 0 | |a Bronze Age |z Greece |z Kyklades | |
| 651 | 0 | |a Cyclades (Greece) |x Antiquities | |
| 651 | 0 | |a Kyklades (Greece) |x Antiquities | |
| 652 | |a HH | ||
| 655 | 7 | |a Hochschulschrift |0 (DE-588)4113937-9 |0 (DE-627)105825778 |0 (DE-576)209480580 |2 gnd-content | |
| 689 | 0 | 0 | |d g |0 (DE-588)4073924-7 |0 (DE-627)106091247 |0 (DE-576)209191856 |2 gnd |a Kykladen |
| 689 | 0 | 1 | |d s |0 (DE-588)4008357-3 |0 (DE-627)106368494 |0 (DE-576)208875883 |2 gnd |a Bronzezeit |
| 689 | 0 | |5 (DE-627) | |
| 689 | 1 | 0 | |d g |0 (DE-588)4073924-7 |0 (DE-627)106091247 |0 (DE-576)209191856 |2 gnd |a Kykladen |
| 689 | 1 | 1 | |d s |0 (DE-588)4075149-1 |0 (DE-627)106087096 |0 (DE-576)209196785 |2 gnd |a Mykenische Kultur |
| 689 | 1 | |5 (DE-627) | |
| 689 | 2 | 0 | |d g |0 (DE-588)4093976-5 |0 (DE-627)10481408X |0 (DE-576)209303867 |2 gnd |a Griechenland |g Altertum |
| 689 | 2 | 1 | |d s |0 (DE-588)4002827-6 |0 (DE-627)104459425 |0 (DE-576)208848878 |2 gnd |a Archäologie |
| 689 | 2 | |5 (DE-627) | |
| 689 | 3 | 0 | |d g |0 (DE-588)4073924-7 |0 (DE-627)106091247 |0 (DE-576)209191856 |2 gnd |a Kykladen |
| 689 | 3 | 1 | |d s |0 (DE-588)4008357-3 |0 (DE-627)106368494 |0 (DE-576)208875883 |2 gnd |a Bronzezeit |
| 689 | 3 | |5 (DE-627) | |
| 751 | |a Göteborg |0 (DE-588)4021453-9 |0 (DE-627)104452374 |0 (DE-576)208938044 |4 uvp | ||
| 830 | 0 | |a Studies in Mediterranean archaeology |v 111 |9 111 |w (DE-627)129430951 |w (DE-576)014803607 |w (DE-600)192617-2 |x 0081-8232 |7 am | |
| 889 | |w (DE-627)154334162 | ||
| 935 | |a BIIN | ||
| 935 | |i mdedup | ||
| 935 | |i Blocktest | ||
| 936 | r | u | |a LE 8000 |b Kunst und Kultur |k Klassische Archäologie |k Vorgeschichte Griechenlands |k Die kretisch-mykenische Kultur |k Kunst und Kultur |0 (DE-627)1271491850 |0 (DE-576)201491850 |z Ungueltig |
| 936 | b | k | |a 15.17 |j Klassische Archäologie |0 (DE-627)106419749 |
| 951 | |a BO | ||
| BIB | |a 1 | ||
| ELC | |b 1 | ||
| ITA | |a 1 |t 1 | ||
| LOK | |0 000 xxxxxcx a22 zn 4500 | ||
| LOK | |0 001 3226352075 | ||
| LOK | |0 003 DE-627 | ||
| LOK | |0 004 272420468 | ||
| LOK | |0 005 20010607000000 | ||
| LOK | |0 008 940321||||||||||||||||ger||||||| | ||
| LOK | |0 040 |a DE-21 |c DE-627 |d DE-21 | ||
| LOK | |0 852 |a DE-21 | ||
| LOK | |0 852 1 |c 34 B 423 |9 00 | ||
| LOK | |0 939 |a 21-03-94 |b l01 | ||
| LOK | |0 000 xxxxxcx a22 zn 4500 | ||
| LOK | |0 001 3226352776 | ||
| LOK | |0 003 DE-627 | ||
| LOK | |0 004 272420468 | ||
| LOK | |0 005 20190311233846 | ||
| LOK | |0 008 190311||||||||||||||||ger||||||| | ||
| LOK | |0 035 |a (DE-Tue135-1)49441 | ||
| LOK | |0 040 |a DE-Tue135-1 |c DE-627 |d DE-Tue135-1 | ||
| LOK | |0 852 |a DE-Tue135-1 | ||
| LOK | |0 852 1 |c AT11274 |m p |9 00 | ||
| LOK | |0 852 2 |b Z 4/787 |9 00 | ||
| LOK | |0 935 |a iMON | ||
| LOK | |0 936ln |0 1442044187 |a HH | ||
| LOK | |0 938 |k p | ||
| LOK | |0 938 |l Kykladenkultur - Kykladen; Archäologie; Jüngere Bronzezeit |8 0 | ||
| LOK | |0 939 |a 11-03-19 |b l12 | ||
| ORI | |a SA-MARC-ixtheoa001.raw | ||
| REL | |a 1 | ||
| STA | 0 | 0 | |a Archaeology,Archaeology,Archeology,Bronze Age,Early Bronze Age,Middle Bronze Age,Late Bronze Age,Older Bronze Age,Mycenaean culture |
| STB | 0 | 0 | |a Archéologie,Archéologie,Civilisation mycénienne,Âge du bronze |
| STC | 0 | 0 | |a Arqueología,Arqueología,Cultura micénica,Edad del Bronce |
| STD | 0 | 0 | |a Archeologia,Archeologia,Cultura micenea,Età del Bronzo |
| STE | 0 | 0 | |a 考古学,考古学,迈锡尼文明,青铜时代,青铜器时代,铜器时代 |
| STF | 0 | 0 | |a 考古學,考古學,邁錫尼文明,青銅時代,青銅器時代,銅器時代 |
| STG | 0 | 0 | |a Arqueologia,Arqueologia,Cultura micênica,Idade do Bronze |
| STH | 0 | 0 | |a Археология (мотив),Археология,Бронзовый век,Микенская культура |
| STI | 0 | 0 | |a Αρχαιολογία (μοτίβο),Αρχαιολογία,Εποχή του Χαλκού,Εποχή του Ορείχαλκου,Μυκηναϊκός Πολιτισμός |
| SUB | |a BIB |a REL | ||
| SYG | 0 | 0 | |a Kiklades , Späte Bronzezeit,Jüngere Bronzezeit,Frühe Bronzezeit,Ältere Bronzezeit,Frühbronzezeit,Mittlere Bronzezeit,Jungbronzezeit,Spätbronzezeit , Kiklades , Späthelladische Kultur , Elliniki Dimokratia,Basileion tēs Hellados,Yunanistan,République Hellénique,Ellada,Greece,Vasilion tis Ellados,Hellenic Republic,Grèce,Royaume de Grèce,Elli̲niki̲ Di̲mokratia,Hellēnikē Demokratia,Elli̱niki̱ Di̱mokratia,Vasileion ti̲s Ellados,Hellas,Ellas,Ellēnikē Dēmokratia,Hellēnikē Dēmokratia,Hellenische Republik,Griechenland , Archaeology,Altertumskunde , Kiklades , Späte Bronzezeit,Jüngere Bronzezeit,Frühe Bronzezeit,Ältere Bronzezeit,Frühbronzezeit,Mittlere Bronzezeit,Jungbronzezeit,Spätbronzezeit |
| TIM | |a 099982000101_099992001231 |b Bronzezeit v1800-v800 | ||



